|
|
|
|
| LEADER |
01161ppm a22002898a 4500 |
| 001 |
00036335 |
| 008 |
170227s2011 ||||||Viesd |
| 005 |
20171026081025.0 |
| 041 |
0 |
# |
|a Vie
|
| 082 |
1 |
4 |
|a 510.7
|b B452D
|
| 100 |
1 |
# |
|a Nguyễn, Thanh Tùng
|
| 245 |
0 |
0 |
|a Bồi dưỡng học sinh yếu, kém vươn tới chuẩn kiến thức và kĩ năng theo chương trình toán lớp 8
|b Luận văn thạc sĩ Khoa học giáo dục . Chuyên ngành: LL và PPDH bộ môn Toán. Mã số: 601410
|c Nguyễn Thanh Tùng; Đào Tam (hướng dẫn)
|
| 260 |
# |
# |
|a Vinh
|b Đại học Vinh
|c 2011
|
| 300 |
# |
# |
|a 121tr.
|c 30cm.
|
| 500 |
# |
# |
|a ĐTTTS ghi: Bộ giáo dục và đào tạo. Đại học Vinh
|
| 653 |
# |
# |
|a Bồi dưỡng
|
| 653 |
# |
# |
|a Trung học cơ sở
|
| 653 |
# |
# |
|a Toán học
|
| 653 |
# |
# |
|a Luận văn
|
| 700 |
1 |
# |
|a Đào Tam
|e Hướng dẫn
|
| 852 |
# |
# |
|j LV.0000910
|
| 852 |
# |
# |
|b Kho đọc SĐH
|j LV.0000910
|
| 910 |
|
|
|d 27/02/2017
|
| 980 |
# |
# |
|a Trung tâm Học liệu Lê Vũ Hùng, Trường Đại học Đồng Tháp
|